| 000 | 02554cam a2200349 i 4500 | ||
|---|---|---|---|
| 001 | 19040409 | ||
| 003 | ARRUPE | ||
| 005 | 20170209113246.0 | ||
| 008 | 160402s2015 rh a b 001 0 eng d | ||
| 010 | _a 2015334140 | ||
| 020 | _a9781779222855 (Weaver Press) | ||
| 020 | _a9780797467613 (TrustAfrica) | ||
| 035 | _a(OCoLC)ocn940513795 | ||
| 040 |
_aNUI _beng _cNUI _erda _dOCLCO _dYDXCP _dOCLCF _dOCLCO _dDLC |
||
| 042 |
_alccopycat _alcode |
||
| 043 | _af-rh--- | ||
| 050 | 0 | 0 |
_aDT3000 _b.B49 2015 |
| 245 | 0 | 0 |
_aBeyond the crises : _bZimbabwe's prospects for transformation / _cedited by Tendai Murisa and Tendai Chikweche. |
| 246 | 3 | _aZimbabwe's prospects for transformation | |
| 260 |
_aHarare _bWeaver Press _c2015 |
||
| 300 |
_axxxviii, 383 pages : _billustrations ; _c24 cm |
||
| 504 | _aIncludes bibliographical references and index. | ||
| 505 | 0 | _aNot yet Uhuru : Zimbabwe's halting attempts at democracy / Tendai Murisa -- Arrested development : an analysis of Zimbabwe's post-independence social policy regimes / Tendai Murisa and Munyaradzi Nyaguse -- Financial exclusion : an analysis of the evolution and development of microfinance in Zimbabwe / Tendai Chikweche and Tendai Murisa -- Land and agrarian policy reforms post 2000 : new trends, insights and challenges / Tendai Murisa and Kingstone Mujeyi -- Rethinking gender and accumulation : the relevance of small-scale entrepreneursip and social capital within a rural context / Patience Mutopo -- Climate change : impact on agriculture, livelihood options and adaptation strategies for smallholder farms in Zimbabwe / Mzime Ndebele-Murisa and Chipo Mubaya -- Biodiversity and human development in Zimbabwe / Mukundi Mutasa and Mzime Ndebele-Murisa -- Business unusual : new markets, doing business with the base of the pyramid / Tendai Chikweche -- Emerging models of inclusive growth : revisiting entrepreneurship and SMMEs in Zimbabwe / Tendai Chikweche and Kingstone Mujeyi -- Policy recommendations : towards an inclusive socio-economic development framework / Tendai Murisa and Munyaradzi Nyaguse -- The democracy manifesto for Zimbabwe / Tendai Murisa. | |
| 650 | 0 |
_aSocial justice _zZimbabwe. _9368 |
|
| 650 | 0 |
_aEconomic security _zZimbabwe. _928558 |
|
| 650 | 0 |
_aEconomic development _xSocial aspects _zZimbabwe. _928559 |
|
| 700 | 1 |
_aMurisa, Tendai, _eeditor, _99029 |
|
| 700 | 1 |
_aChikweche, Tendai, _eeditor, _928560 |
|
| 906 |
_a7 _bcbc _ccopycat _d3 _encip _f20 _gy-gencatlg |
||
| 942 |
_2lcc _cMONOGRAPH |
||
| 999 |
_c126036 _d126036 |
||